The polymorphisms of genes associated with the profile of fatty acids of sheep (Registro n. 328229)
[ somente texto ]
| 000 -LÍDER | |
|---|---|
| fixed length control field | 04082nab a2200325 i 4500 |
| 003 - CÓDIGO MARC DA AGÊNCIA CATALOGADORA | |
| Campo de controle | BR-BrBNA |
| 005 - DATA E HORA DA ÚLTIMA ATUALIZAÇÃO | |
| Campo de controle | 20241022130016.0 |
| 008 - CAMPO DE TAMANHO FIXO | |
| fixed length control field | 241022b2019 bl.|r|pooa||| 00| 0 eng | |
| 040 ## - FONTE DA CATALOGAÇÃO | |
| Agência catalogadora | BR-BrBNA |
| Idioma da catalogação | eng |
| 072 ## - CATEGORIA AGRIS | |
| Código AGRIS | L10 |
| Código do objeto | 5240 |
| 100 ## - ENTRADA PRINCIPAL - NOME PESSOAL | |
| Nome pessoal | Esteves, C. Esteves |
| 100 ## - ENTRADA PRINCIPAL - NOME PESSOAL | |
| Nome pessoal | Livramento, K.G. |
| 100 ## - ENTRADA PRINCIPAL - NOME PESSOAL | |
| Nome pessoal | Paiva, L.V. |
| 100 ## - ENTRADA PRINCIPAL - NOME PESSOAL | |
| Nome pessoal | Peconick, A.P. |
| 100 ## - ENTRADA PRINCIPAL - NOME PESSOAL | |
| Nome pessoal | Garcia, I.F.F. |
| 100 ## - ENTRADA PRINCIPAL - NOME PESSOAL | |
| Nome pessoal | Garbossa, C.A.P. |
| 100 ## - ENTRADA PRINCIPAL - NOME PESSOAL | |
| Nome pessoal | Faria, P.B. |
| 245 ## - TÍTULO PRINCIPAL | |
| Título principal | The polymorphisms of genes associated with the profile of fatty acids of sheep |
| 500 ## - NOTA GERAL | |
| Nota geral | Publicação online; 39 ref.; 5 illus.; 5 tables; Summaries (En, Pt) |
| 942 ## - ADDED ENTRY ELEMENTS (KOHA) | |
| Koha item type | Analítica |
| 520 ## - NOTA DE RESUMO | |
| Nota de conteúdo | <br/><br/>ABSTRACT - The present study aimed to evaluate the occurrence of polymorphisms in Diacylglycerol acyltransferase (DGTA-1 and 2), Fatty acid synthase (FASN), Stearoyl-CoA desaturase (SCD) genes and the Thioesterase domain of FASN (TE-FASN) gene that may be related to the lipid profile. In the experiment, a total of 84 sheep from different genetic groups were used. For the evaluation of the polymorphism of the genes, PCR-Single Strand Conformation Polymorphism (SSCP) technique and subsequent sequencing were used. In DGAT-2 gene, four genotypes were identified with the presence of 6 polymorphisms, with two (c.229T> C; c.255T> C) that resulted into the exchange of phenylalanine by leucine. In FASN gene, two genotypes were identified. In TE-FASN gene, three genotypes and 17 polymorphisms were identified. DGAT-1 and SCD genes did not reveal the occurrence of polymorphism. There was difference in relation to C14: 0, C18: 0 fatty acids and Δ9-desaturase C18 for DGAT-2 gene and of C18: 2ω6t for TE-FASN. There were differences among the genetic groups for C10: 0, C12: 0, C17: 0, C18: 2ω6t, C18: 3ω3, C20: 2, total of ω3, ω3/ω6 and atherogenicity index. There is occurrence of polymorphism of DGAT-2 and TEFASN genes and these should be further studied in sheep since they revealed influence of the genotypes on the fatty acid profile.<br/><br/><br/>Keywords: diacylglycerol acyltransferase, fatty acid synthase, stearoyl-CoA desaturase |
| 520 ## - NOTA DE RESUMO | |
| Nota de conteúdo | <br/><br/>RESUMO - O presente estudo teve o objetivo de avaliar a ocorrência de polimorfismos nos genes Diacilglicerol aciltransferase (DGTA1 e 2), Ácido graxo sintase (FASN), Estearoil-CoA dessaturase (SCD) e o Domínio da tioesterase do gene FASN (TE-FASN), que possam estar relacionados ao perfil lipídico. No experimento, foram utilizados um total de 84 ovinos de diferentes grupos genéticos. Para avaliação do polimorfismo dos genes, foi utilizada a técnica de polimorfismo de conformação de cadeia simples (PCRSSCP) e posterior sequenciamento. No gene DGAT-2, foram identificados quatro genótipos com a presença de seis polimorfismos, com dois (c.229T>C; c.255T>C) que resultaram na troca da fenilalanina por leucina. No gene FASN, foram identificados dois genótipos. No gene TE-FASN, foram identificados três genótipos e 17 polimorfismos. Os genes DGAT-1 e SCD não revelaram a ocorrência de polimorfismo. Houve diferença em relação aos ácidos graxos C14:0, C18:0 e ∆9-desaturaseC18 para o gene DGAT-2 e de C18:2ω6t para TE-FASN. Houve diferença entre os grupos genéticos para C10:0, C12:0, C17:0, C18:2ω6t, C18:3ω3, C20:2, total de ω3, ω3/ω6 e índice de aterogenicidade. Há ocorrência de polimorfismo dos genes DGAT-2 e TE-FASN, e estes devem ser mais estudados em ovinos, pois revelaram influência dos genótipos sobre o perfil de ácidos graxos.<br/><br/><br/>Palavras-chave: diacilglicerol aciltransferase, ácido graxo sintase, estearoil-CoA dessaturase |
| 650 ## - ASSUNTO - THESAGRO | |
| Cabeçalho tópico ou nome geográfico | OVINO |
| 650 ## - ASSUNTO - THESAGRO | |
| Cabeçalho tópico ou nome geográfico | GENE |
| 650 ## - ASSUNTO - THESAGRO | |
| Cabeçalho tópico ou nome geográfico | POLIMORFISMO |
| 650 ## - ASSUNTO - THESAGRO | |
| Cabeçalho tópico ou nome geográfico | ÁCIDO GRAXO |
| 773 0# - ENTRADA ANALÍTICA | |
| Host Biblionumber | 1643 |
| Registro do item | 345321 |
| Imprenta | Belo Horizonte-MG Universidade Federal de Minas Gerais - Escola de Veterinaria 1983 |
| Outro identificador | 2024-5846 |
| Título | Arquivo Brasileiro de Medicina Veterinária e Zootecnia (Brazil) |
| ISSN | 0102-0935 |
| Colação | v. 71(1) p. 303-313; (2019) |
| Número de controle de registro | BR20240028936 |
| 856 ## - ACESSO E ENDEREÇO ELETRÔNICO | |
| Identificador uniforme de recurso - URI | https://www.scielo.br/j/abmvz/a/BBdrfXYPJBwKf6F3qH8z9mD/?format=pdf&lang=en |
Nenhum exemplar disponível.

BINAGRI